| 000 | 00487 a2200157 4500 | ||
|---|---|---|---|
| 999 |
_c10836 _d10836 |
||
| 022 | _Ixxxx | ||
| 050 | _aSF55. ZIM 2019 | ||
| 100 | _aThe World bank | ||
| 245 |
_aZimbabwe: _bagriculture sector disaster risk assessment / _cThe World Bank |
||
| 264 |
_aWashington DC: _bThe World Bank., _c2019 |
||
| 300 | _axii., 92 pages | ||
| 500 | _aincludes bibliography | ||
| 650 |
_aAgriculture and state _xZimbabwe |
||
| 650 |
_arisk management _xzimbabwe |
||
| 942 |
_2lcc _cJOURNALS _h55 _iZIM _kSF |
||